Statistiken für Rekord-Spieler der Fußball-Bundesliga

Klicken Sie hier um das Quiz zu spielen!

Allgemein

  • Dieses Quiz wurde 147 mal gespielt
  • Das Durchschnittsergebnis liegt bei 3 aus 10

Antwortstatistiken

RangSpieleSpieler% Korrekt
1602Karl-Heinz Körbel
67%
6535Klaus Fischer
54%
2581Manfred Kaltz
44%
3557Oliver Kahn
34%
4552Klaus Fichtel
28%
10512Uli Stein
20%
7534Eike Immel
18%
5546Miroslav Votava
17%
9518Michael Lameck
14%
8520Willi Neuberger
9%

Verteilung der Resultate

Perzentil nach korrekt beantworteten Fragen

Anzahl Personen mit jedem Resultat

Ihre Resultats-Entwicklung

Sie haben dieses Quiz noch nicht gespielt